Une date, quelques indices = le drapeau d'un pays (1) - Statistiques

Statistiques générales
  • Ce quiz a été pris 55 fois
  • Le résultat moyen est 14 sur 28
Statistiques - réponses
Création Description Réponse % Correct
1777 On le nomme familièrement le Stars and Stripes. Ses bandes symbolisent les premières colonies et les étoiles les états actuels. C'est le drapeau le plus connu au monde. Etats-Unis
98%
1821 Croix scandinave bleue sur fond rouge et bordée de blanc, il est typique des drapeaux qu'ont choisi les pays du nord de l'Europe Norvège
93%
1625 On le nomme le Dannebrog. Plus vieux drapeau existant, il aurait été dessiné en 1219. Sa simplicité, une croix scandinave blanche sur fond rouge, en a inspiré beaucoup d'autres. Danemark
91%
1848 Adopté une première fois en 1794, il est le résultat de l'assemblage du blanc de la royauté et des couleurs rouge et bleu de l'écu de la capitale. Il est le drapeau du pays depuis 1848. France
91%
1801 Créé en 1707, ce drapeau existe sous sa forme actuelle depuis 1801. Appelé Union Jack, Union Flag ou Drapeau royal de l'Union au Canada, il est le résultat de la combinaison des croix des saints patrons de trois anciens royaumes. Royaume-Uni
91%
1844 Sur un fond rouge se détachent deux symboles islamiques, le croissant et une étoile à cinq branches blancs. Turquie
86%
1827 Sur un fond rouge, un rond blanc contient les symboliques islamique du croissant et de l'étoile. Tunisie
79%
1831 Ses couleurs reprennent ceux du duché de Brabant et du comté de Flandre. Il est à trois bandes verticales; Belgique
77%
1847 Formé par des esclaves noirs libérés des Etats-Unis, ce pays a choisi un drapeau proche de celui de leur pays d'origine. Le nombre de bandes est d'ailleurs le même tandis qu'il ne compte qu'une seule étoile Liberia
60%
1816 Selon la tradition, il reprend les deux couleurs de la cocarde arborée par les patriotes de ce pays en 1810, le bleu et le blanc. On y a ajouté en 1985 la représentation d'une pièce appelée le sol de mayo Argentine
58%
1870 Le cercle rouge central posé sur un fond blanc représente la déesse du soleil, Amaterasu. Il est parfois nommé le "drapeau au disque solaire". Japon
56%
1889 Ce drapeau à fond rouge de forme carrée est frappée d'une croix blanche aux branches égales. Suisse
51%
1825 Drapeau hérité de l'Espagne qui a longtemps dominé ce pays. Bicolore à bandes verticales rouges et blanche, il ne comporte aucun autre décor. Pérou
47%
1830 Ce drapeau est constitué de neuf bandes blanches et bleues égales. Dans un angle, un soleil à visage est le souvenir d'un symbole révolutionnaire. Uruguay
47%
1861 Drapeau tricolore à bandes horizontales inégales. La bande la plus large, jaune, représente l'or, les autres l'océan et le sang qui a coulé pour la libération du pays. Colombie
42%
1879 Trois bandes horizontales égales symbolisent la paix (blanc), la fertilité (vert) et le courage (rouge) sur le drapeau de ce pays européen Bulgarie
40%
1866 Drapeau à trois bandes horizontales égales dont deux bleues représentant les océans qui l'entourent, il a pour origine le drapeau des Provinces unies d'Amérique centrale. Sur le blanc figurent cinq étoiles à cinq branches, leur disposition forme l'initiale du pays. Honduras
40%
1881 Deux bandes horizontales de même largeur composent ce drapeau rouge et blanc. Ce sont les couleurs des armes de la famille princière qui règne sur le pays. Il est quasiment identique à un drapeau asiatique. Monaco
40%
1851 Sobrement formé de trois bandes horizontales égales. Le rouge représentant classiquement le sang des combattants pour l'indépendance, le jaune, les ressources naturelles et le vert, la flore. Bolivie
33%
1871 Composé de trois bandes égales verticales qui symbolisent les deux océans, pacifique et atlantique et la pureté. Au centre une couronne de rameaux d'olivier, symbole de paix, entoure des armes ! Guatemala
30%
1866 Ses trois couleurs rappellent celles des deux pays européens limitrophes. Son écusson évoque les autorités qui le dirigent conjointement. Andorre
26%
1889 Un des drapeaux les plus originaux du monde. Il reprend les couleurs utilisées depuis 1822 symbolisant l'union des familles de Bragance et de Habsbourg. S'y ajoute un imposant globe terrestre avec la position des étoiles le jour de la proclamation de la république. Globe qui porte à l'hémisphère la devise nationale. Brésil
26%
1860 Drapeau à trois bandes horizontales inégales. Le jaune, qui domine, symbolise les richesses naturelles du pays, le bleu l'océan et le rouge la Liberté. Proche de celui d'un autre pays du même continent, il s'en distingue notamment par la présence des armes du pays sur lesquelles un aigle s'est posé. Equateur
26%
1817 Ce drapeau comporte trois parties inégales. Le bleu représente l'océan, le blanc, les sommets enneigés du pays et le rouge le sang versé. S'y ajoute une étoile qui symbolise les trois pouvoirs. Chili
23%
1902 Inspiré par le drapeau français, ses couleurs représentent la pureté, le courage et l'altruisme. L'étoile placée sur le triangle rouge à la hampe représente la liberté et l'indépendance Cuba
21%
1863 La croix blanche qui divise le drapeau en quatre quartiers représente la religion catholique, Le bleu et le rouge occupent les rectangles. République Dominicaine
16%
1898 Un triangle blanc à la hampe porte un soleil à 24 rayons représentant les 8 premières provinces et trois étoiles pour les trois grands archipels du pays. Deux bandes, bleue et rouge, le complètent évoquant la paix et le patriotisme. Philippines
12%
1875 Le rouge du drapeau rappelle le sacrifice du Christ, la croix dans l'angle sur un rectangle blanc la foi chrétienne Tonga
5%
Aucun quiz correspondant
Distribution des résultats
% des personnes avec chaque résultat
Percentile par nombre de réponses
Votre historique - résultats
Vous n’avez pas pris ce quiz